| 000 | 01540nam a22003737a 4500 | ||
|---|---|---|---|
| 999 |
_c18533 _d18533 |
||
| 001 | 4486492 | ||
| 003 | BDDh-ASL | ||
| 005 | 20231015025719.0 | ||
| 007 | hduafb---bacp | ||
| 007 | hdubfb---baap | ||
| 008 | 970626s1941 enk a 001 0 eng | ||
| 010 | _a 96910713 | ||
| 025 | _aNBIL-10653 | ||
| 040 |
_aDLC _cDLC _bBDDh-ASL |
||
| 042 | _alcode | ||
| 043 | _aa-ii--- | ||
| 050 | 0 | 0 | _aMicrofilm BUL-ENG-299 (D) |
| 082 |
_a954 _bMOD |
||
| 245 | 0 | 0 |
_aModern India and the West _ba study of the interaction of their civilizations / _cedited by L.S.S. O'Malley ; with a foreword by Lord Meston. |
| 260 |
_aLondon : _aNew York : _bOxford University Press, _c1941. |
||
| 300 |
_axii, 834 p. ; _c22 cm. |
||
| 500 | _a"Published under the auspices of the Royal Institute of International Affairs." | ||
| 500 | _aIncludes index. | ||
| 533 |
_aMicrofilm. _bNew Delhi : _cLibrary of Congress Office ; _bChicago : _cAvailable from Center for Research Libraries, _d1996. _eOn 1 microfilm reel with other items ; 35 mm. _f(SAMP early 20th-century Indian books project ; item 10653) _nMaster microform held by: ICRL. |
||
| 651 | 0 |
_aIndia _xCivilization. |
|
| 651 | 0 |
_aIndia _xRelations _zEurope. |
|
| 651 | 0 |
_aEurope _xRelations _zIndia. |
|
| 700 | 1 |
_aO'Malley, L. S. S. _q(Lewis Sydney Steward), _d1874-1941. |
|
| 710 | 2 | _aRoyal Institute of International Affairs. | |
| 830 | 0 |
_aSAMP early 20th-century Indian books project ; _vitem 10653. |
|
| 906 |
_a7 _bcbc _corigode _d5 _encip _f19 _gy-genmicro |
||
| 942 |
_2ddc _cBK |
||